Countries Larger Than Texas Quiz Stats

 Plays Quiz Updated Oct 12, 2018

Support Sporcle.
Go Orange.
Score 0/39 Timer 06:00
6 Plays Today
Country % Correct
Russia
99.2%
China
97.9%
Canada
97.5%
Brazil
96.2%
Australia
94.2%
India
93.3%
United States
91.6%
Mexico
89.4%
Argentina
89.3%
South Africa
86.4%
Egypt
82.6%
Iran
79%
Mongolia
78.2%
Saudi Arabia
76.5%
Chile
74.1%
Sudan
73%
Niger
71.8%
Pakistan
71.3%
Libya
69.5%
Peru
69.5%
Country % Correct
Algeria
69.3%
Indonesia
69.1%
Turkey
69%
Chad
67.3%
Kazakhstan
66.8%
Denmark (includes Greenland)
66.5%
Democratic Republic of the Congo
66.1%
Nigeria
65.1%
Colombia
65.1%
Venezuela
60.3%
Ethiopia
56.8%
Mali
55.1%
Bolivia
54.6%
Angola
50.6%
Namibia
45.9%
Tanzania
45%
Mozambique
42.8%
Mauritania
40.6%
Zambia
37.6%

From the Vault

First Letters of Italian Cities

by MrWhiplash

Geography 90s
These are some good travel recommendations for when you visit _taly.
Remove Ads.
Support Sporcle.
Get the best of Sporcle when you Go Orange. This ad-free experience offers more features, more stats, and more fun while also helping to support Sporcle. Thank you for becoming a member.

Show Comments

Extras

Top Quizzes Today


Score Distribution

Your Account Isn't Verified!

In order to create a playlist on Sporcle, you need to verify the email address you used during registration. Go to your Sporcle Settings to finish the process.

Report this User

Report this user for behavior that violates our Community Guidelines.

Details: